Systems Engineering and Analysis / (Record no. 15154)
[ view plain ]
| 000 -LEADER | |
|---|---|
| fixed length control field | 01178cam a22003134a 4500 |
| 001 - CONTROL NUMBER | |
| control field | 13890916 |
| 005 - DATE AND TIME OF LATEST TRANSACTION | |
| control field | 20160503143158.0 |
| 008 - FIXED-LENGTH DATA ELEMENTS--GENERAL INFORMATION | |
| fixed length control field | 050307s2006 njua b 001 0 eng |
| 010 ## - LIBRARY OF CONGRESS CONTROL NUMBER | |
| LC control number | 2005045881 |
| 020 ## - INTERNATIONAL STANDARD BOOK NUMBER | |
| International Standard Book Number | 0137148437 |
| 020 ## - INTERNATIONAL STANDARD BOOK NUMBER | |
| International Standard Book Number | 9780137148431 |
| 035 ## - SYSTEM CONTROL NUMBER | |
| System control number | (OCoLC)ocm58478437 |
| 040 ## - CATALOGING SOURCE | |
| Original cataloging agency | DLC |
| Transcribing agency | DLC |
| Modifying agency | YDX |
| -- | BAKER |
| -- | NLGGC |
| -- | DLC |
| 042 ## - AUTHENTICATION CODE | |
| Authentication code | pcc |
| 050 00 - LIBRARY OF CONGRESS CALL NUMBER | |
| Classification number | TA168 |
| Item number | .B58 2006 |
| 082 00 - DEWEY DECIMAL CLASSIFICATION NUMBER | |
| Classification number | 620.0011 |
| Edition number | 22 |
| Item number | BLA |
| 100 1# - MAIN ENTRY--PERSONAL NAME | |
| Personal name | Blanchard, Benjamin S. |
| 9 (RLIN) | 3796 |
| 245 10 - TITLE STATEMENT | |
| Title | Systems Engineering and Analysis / |
| Statement of responsibility, etc | Benjamin S. Blanchard, Wolter J. Fabrycky. |
| 250 ## - EDITION STATEMENT | |
| Edition statement | 5th ed. |
| 260 ## - PUBLICATION, DISTRIBUTION, ETC. (IMPRINT) | |
| Place of publication, distribution, etc | Upper Saddle River, N.J. : |
| Name of publisher, distributor, etc | Pearson Prentice Hall, 2011 |
| Date of publication, distribution, etc | 2011 |
| 300 ## - PHYSICAL DESCRIPTION | |
| Extent | 800 p. : |
| Other physical details | ill. ; |
| Dimensions | 25 cm. |
| 490 ## - Series Statement | |
| -- | 3797 |
| Series statement | Prentice-Hall international series in industrial and systems engineering |
| 504 ## - BIBLIOGRAPHY, ETC. NOTE | |
| Bibliography, etc | Includes bibliographical references (p. 774-787) and index. |
| 650 #0 - SUBJECT ADDED ENTRY--TOPICAL TERM | |
| Topical term or geographic name as entry element | System analysis. |
| 9 (RLIN) | 3799 |
| 650 #0 - SUBJECT ADDED ENTRY--TOPICAL TERM | |
| 9 (RLIN) | 3798 |
| Topical term or geographic name as entry element | Systems engineering |
| 700 1# - ADDED ENTRY--PERSONAL NAME | |
| Personal name | Fabrycky, W. J. |
| Fuller form of name | (Wolter J.), |
| Dates associated with a name | 1932- |
| 9 (RLIN) | 3800 |
| 942 ## - ADDED ENTRY ELEMENTS (KOHA) | |
| Source of classification or shelving scheme | Dewey Decimal Classification |
| Item type | Book - Borrowing |
| Withdrawn status | Item status | Source of classification or shelving scheme | Damaged status | Not for loan | Vendor | Home library | Current library | Shelving location | Date acquired | Source of acquisition | Cost, normal purchase price | Total Checkouts | Full call number | Barcode | Date last seen | Date last borrowed | Koha item type | Total Renewals |
|---|---|---|---|---|---|---|---|---|---|---|---|---|---|---|---|---|---|---|
| Dewey Decimal Classification | Baccah | Central Library | Central Library | First floor | 20/04/2011 | 180.00 | 1 | 620.0011 BLA | 000023317 | 15/07/2025 | 23/02/2012 | NB - Book (Non borrowing) | ||||||
| Dewey Decimal Classification | Baccah | Central Library | Central Library | First floor | 20/04/2011 | 180.00 | 7 | 620.0011 BLA | 000023318 | 15/07/2025 | 21/02/2016 | Book - Borrowing | 43 | |||||
| Dewey Decimal Classification | Baccah | Central Library | Central Library | First floor | 20/04/2011 | 180.00 | 6 | 620.0011 BLA | 000023319 | 15/07/2025 | 19/02/2015 | Book - Borrowing | 104 |